Исследование систем управления (диагностика): учебное пособие для вузов

Λεπτομέρειες βιβλιογραφικής εγγραφής
Κύριος συγγραφέας: Ползунова Н. Н. Наталья Николаевна
Άλλοι συγγραφείς: Краев В. Н. Владимир Николаевич
Περίληψη:Цель данного учебного пособия состоит в предоставлении комплекса теоретико-практических знаний в сфере диагностики систем управления на основе демонстрации сложности и неоднозначности применения диагностического инструментария. Работа рассчитана на читателей с различным уровнем подготовки в области экономики и управления. Она предназначена для использования в процессе обучения студентами экономических специальностей, которым в современных условиях необходима дополнительная подготовка в области диагностики систем управления. Книга также будет полезна специалистам, встречающимся в своей повседневной практике с элементами исследований и диагностики.
Γλώσσα:Ρωσικά
Έκδοση: Москва, Академический Проект, 2006
Σειρά:Gaudeamus
Θέματα:
Μορφή: Βιβλίο
KOHA link:https://koha.lib.tpu.ru/cgi-bin/koha/opac-detail.pl?biblionumber=109736

MARC

LEADER 00000nam0a2200000 4500
001 109736
005 20231031120140.0
010 |a 5829106531 
010 |a 5-902358-73-6 
035 |a (RuTPU)RU\TPU\book\118500 
090 |a 109736 
100 |a 20070212d2006 m y0rusy50 ca 
101 0 |a rus 
102 |a RU 
105 |a a j 001zy 
200 1 |a Исследование систем управления (диагностика)  |e учебное пособие для вузов  |f Н. Н. Ползунова, В. Н. Краев 
210 |a Москва  |c Академический Проект  |c Трикста  |d 2006 
215 |a 240 с.  |c ил. 
225 1 |a Gaudeamus 
320 |a Библиогр.: с. 230-232. 
330 |a Цель данного учебного пособия состоит в предоставлении комплекса теоретико-практических знаний в сфере диагностики систем управления на основе демонстрации сложности и неоднозначности применения диагностического инструментария. Работа рассчитана на читателей с различным уровнем подготовки в области экономики и управления. Она предназначена для использования в процессе обучения студентами экономических специальностей, которым в современных условиях необходима дополнительная подготовка в области диагностики систем управления. Книга также будет полезна специалистам, встречающимся в своей повседневной практике с элементами исследований и диагностики. 
606 |a Консалтинг(управленческое консультирование)  |2 stltpush  |3 (RuTPU)RU\TPU\subj\27889 
610 1 |a экономика 
610 1 |a управление 
610 1 |a системы управления 
610 1 |a исследование 
610 1 |a диагностика 
610 1 |a организационные структуры 
610 1 |a управленческая диагностика 
610 1 |a проблемы 
610 1 |a решение 
610 1 |a управленческое консультирование 
610 1 |a ассортимент 
610 1 |a ассортиментная политика 
610 1 |a тесты 
610 1 |a учебные пособия 
686 |a У9(2)212я73  |v LBC/SL-A  |2 rubbk 
700 1 |a Ползунова  |b Н. Н.  |g Наталья Николаевна 
701 1 |a Краев  |b В. Н.  |g Владимир Николаевич 
801 1 |a RU  |b 63413507  |c 20070212  |g PSBO 
801 2 |a RU  |b 63413507  |c 20180608  |g PSBO 
900 |a Идентификация и диагностика систем 
900 |a Исследование систем управления 
942 |c BK 
959 |a 13/20070212  |d 1  |e 143,00  |f ЧЗГЛ:1